Vstup Ruskej federácie do WTO diplomová práca

Guardado en:
Detalles Bibliográficos
Autor principal: Richnavský, Tomáš
Autor Corporativo: Obchodná fakulta EU. Katedra medzinárodného obchodu
Otros Autores: Kašťáková, Elena, 1974-
Formato: Libro
Lenguaje:eslovaco
Publicado: Bratislava 2010
Etiquetas: Agregar Etiqueta
Sin Etiquetas, Sea el primero en etiquetar este registro!

MARC

LEADER 00000nam a2200000 4500
001 0120213
005 20240318123756.3
041 0 |a slo 
044 |a SK 
245 1 0 |a Vstup Ruskej federácie do WTO  |b diplomová práca  |c Tomáš Richnavský ; škol. Elena Kašťáková 
264 1 |a Bratislava  |c 2010 
300 |a 82 s. 
100 1 |a Richnavský, Tomáš 
700 1 |a Kašťáková, Elena, 1974- 
710 2 |a Obchodná fakulta EU. Katedra medzinárodného obchodu